| Tag |
First Indicator |
Second Indicator |
Subfields |
| LEADER |
00000nam a2200000 4500 |
| 001 |
in00004220080 |
| 005 |
20200807081418.0 |
| 006 |
m g d |
| 007 |
cr bn |||a|bb| |
| 008 |
920420s1627 enk o 00| | eng d |
| 035 |
|
|
|a (UnM)99852019
|
| 037 |
|
|
|a CL0036000040
|b ProQuest. 789 E. Eisenhower Parkway, Ann Arbor, MI 48108-3218
|
| 040 |
|
|
|a Cu-RivES
|c Cu-RivES
|d CStRLIN
|e dcrb
|d WaOLN
|
| 100 |
1 |
|
|a Sclater, William,
|d 1575-1626.
|
| 245 |
1 |
2 |
|a A briefe exposition vvith notes, vpon the second epistle to the Thessalonians. /
|c By VVilliam Sclater Doctor of Diuinitie, and minister of Pitmister in Summerset.
|
| 246 |
2 |
|
|a Briefe exposition with notes, upon the second epistle to the Thessalonians
|
| 246 |
3 |
0 |
|a Exposition upon the second epistle to the Thessalonians
|
| 246 |
1 |
6 |
|a Exposition vpon the second epistle to the Thessalonians
|
| 260 |
|
|
|a London :
|b Printed by George Miller, for George Vincent, and are to be sold at the Crosse Keyes at Pauls gate,
|c 1627.
|
| 300 |
|
|
|a 1 online resource ([8], 307, [1] pages)
|
| 336 |
|
|
|a text
|b txt
|2 rdacontent
|
| 337 |
|
|
|a computer
|b c
|2 rdamedia
|
| 338 |
|
|
|a online resource
|b cr
|2 rdacarrier
|
| 500 |
|
|
|a The first leaf is blank.
|
| 500 |
|
|
|a Usually bound as part 2 of an edition of: An exposition with notes upon the first and second epistles to the Thessalonians.
|
| 500 |
|
|
|a Cambridge copy identified as part 2 of STC 21835 on UMI microfilm reel 1463.
|
| 500 |
|
|
|a Reproductions of the originals in the Union Theological Seminary (New York, N.Y.). Library and Cambridge University Library.
|
| 501 |
|
|
|a With: An exposition with notes upon the first and second epistles to the Thessalonians / by William Sclater. London : Printed for I. Parker, and are to be sold by George Vincent ..., 1627.
|
| 510 |
4 |
|
|a STC (2nd edition)
|c 21830
|
| 533 |
|
|
|a Electronic reproduction.
|b Ann Arbor, Mich. :
|c UMI,
|d 1999-
|f (Early English books online)
|n Digital version of: (Early English books, 1475-1640 ; 1463:2, 1463:3a)
|7 s1999 miun s
|
| 630 |
0 |
4 |
|a Bible.
|p N.T.
|p Thessalonians, 2nd
|x Commentaries
|v Early works to 1800.
|
| 830 |
|
0 |
|a Early English books online.
|
| 856 |
4 |
0 |
|u http://proxy.library.tamu.edu/login?url=https://search.proquest.com/docview/2264180746
|z Connect to the full text of this electronic book
|t 0
|
| 856 |
4 |
0 |
|u http://proxy.library.tamu.edu/login?url=https://search.proquest.com/docview/2264192566
|z Connect to the full text of this electronic book
|t 0
|
| 999 |
f |
f |
|s 1dd18676-ce1e-3bab-afc3-7bbae8d0fde6
|i d09e59d7-6161-39e3-b9f5-0999e7141211
|t 0
|
| 952 |
f |
f |
|a Texas A&M University
|b College Station
|c Electronic Resources
|d Available Online
|t 0
|h No information provided
|
| 998 |
f |
f |
|t 0
|l Available Online
|